00000000cam 2200000zi 4500
0019.951333
003CaOODSP
00520260528104141
006m     o  d f      
007cr mn|||||||||
008250523e202505##onc     o    f000 0 eng d
020 |a9780660773964
040 |aCaOODSP|beng|erda|cCaOODSP
043 |an-cn---
0861 |aP114-30/2025E-PDF
24500|aReview of a complaint : |bacquisition of workplace misconduct investigation services by Environment and Climate Change Canada / |cOffice of the Procurement Ombud.
24610|aAcquisition of workplace misconduct investigation services by Environment and Climate Change Canada
264 1|aOttawa, ON : |bOffice of the Procurement Ombud = Bureau de l'ombud de l'approvisionnement, |cMay 2025.
300 |a1 online resource (15 pages)
336 |atext|btxt|2rdacontent
337 |acomputer|bc|2rdamedia
338 |aonline resource|bcr|2rdacarrier
500 |aCover title.
500 |a"Promoting fairness, openness & transparency in federal procurement."
500 |aIssued also in French under title: Examen d'une plainte : acquisition de services d'enquête sur l'inconduite en milieu de travail par Environnement et Changement climatique Canada.
520 |a"On November 30, 2024, the Office of the Procurement Ombud (OPO) received a written complaint from a Canadian supplier (the Complainant) regarding a call-up for workplace misconduct investigation services awarded by the Environment and Climate Change Canada (ECCC: the Department). The call-up, which was issued under an Investigative Services National Master Standing Offer (NMSO), was valued at $32,900.00 (taxes excluded)"--The Complaint, page 4.
61010|aCanada. |bEnvironment and Climate Change Canada|xProcurement.
650 0|aMisconduct in office|zCanada.
650 0|aGovernmental investigations|zCanada.
7101 |aCanada. |bOffice of the Procurement Ombud, |eissuing body.
77508|tExamen d'une plainte : |w(CaOODSP)9.951334
85640|qPDF|s303 KB|uhttps://publications.gc.ca/collections/collection_2026/spac-pspc/P114-30-2025-eng.pdf
8564 |qHTML|sN/A|uhttps://opo-boa.gc.ca/soutien-support-eng.html